les personnages de la série Goldorak - Statistiques

Statistiques générales
  • Ce quiz a été pris 213 fois
  • Le résultat moyen est 10 sur 21
Statistiques - réponses
indices Réponses % Correct
Héros de la série. Actarus
99%
Héros de la série  Mazinger Z, impulsif et tête brulé Alcor
85%
Fille du Propriétaire du ranch du boutot blanc Vénusia
75%
Commandant en chef des armées de Véga Minos
66%
Propriétaire du ranch du boutot blanc Rigel
66%
Alter ego féminin du Commandant en chef des armées de Véga, elle réside dans la tête de ce dernier Minas
58%
tête brulée, princesse d'Euphor Phénicia
58%
Scientifique et directeur du Centre d'Études spatiales Procyon
57%
Maître absolu de l'empire ennemi Véga et du prince d'euphor. Il veut conquérir la terre ( en 3 mots) Le grand strateguerre
56%
Général des forces d’attaque. il dirige les opérations depuis sa soucoupe amirale Hydargos
52%
Fils du Propriétaire du ranch du boutot blanc Mizar
50%
Voisin gros et bagarreur du ranch du boulot blanc Banta
48%
Commandant et scientifique déterminé qui cherche inlassablement à découvrir et exploiter les faiblesses de ses adversaires. Horos
40%
Assistant n°2 du directeur du Centre d'Études spatiales Antarès
39%
Fille de ce de dernier qui aurait du épouser le Héros de la série Vegalia
38%
Assistant n°1 du directeur du Centre d'Études spatiales Argoli
29%
Assistant n°3 du directeur du Centre d'Études spatiales Cochir
29%
Ex petite amie du prince d'Euphor qui c'est suicidée pour lui Aphélie
27%
Soeur de Zéphyr, scientifique pacifiste qui a mis au point un rayon glaciateur. Invention détournée par Véga à des fins guerrières Alizée
11%
Ministre de la défense de Véga, inventeur de génie, concepteur d’une nouvelle génération de monstres. Dantus / Acheron
10%
Ami d'enfance de la princesse d'Euphor qui ce suicide en la voyant Cyrus
7%
Aucun quiz correspondant
Distribution des résultats
% des personnes avec chaque résultat
Percentile par nombre de réponses
Votre historique - résultats
Vous n’avez pas pris ce quiz